| 000 | 00540nam a2200181 i 4500 | ||
|---|---|---|---|
| 001 | 141443 | ||
| 003 | ES-MaACL | ||
| 005 | 20230906200308.0 | ||
| 007 | t| | ||
| 008 | 070924s1969 sp ||||1| spa d | ||
| 245 | 0 | 0 |
_aVocación y misión de los institutos seculares / _cA. Oberti, J. Beyer, J. M. Perrín... [et al.]. |
| 260 |
_aBilbao : _bMensajero, _c[1969] |
||
| 300 |
_a237 p. ; _c19 cm. |
||
| 700 | 1 |
_aOberti, A. _986400 |
|
| 700 | 1 |
_aBeyer, J. _928722 |
|
| 700 | 1 |
_aPerrín, J. M. _991359 |
|
| 852 |
_aES-MaACL _jC-51549 _bR.68149 |
||
| 999 |
_c141443 _d141443 |
||